|
|
|
|
| LEADER |
00847nam a2200229 a 4500 |
| 001 |
GR-MES1393 |
| 008 |
991111s1992 gr 000 b eng d |
| 020 |
|
|
|a 0538821744
|
| 040 |
|
|
|a GrPaTEI
|b gre
|c GR-PaULI
|
| 245 |
0 |
0 |
|a Cost accounting :
|b Accumulation analysis,and Use.
|
| 250 |
|
|
|a 3th ed.
|
| 260 |
|
|
|a Cincinnati :
|b College division,
|c 1992
|
| 300 |
|
|
|a 1064σ.
|
| 500 |
|
|
|a Περιλαμβάνει ευρετήριο.
|
| 650 |
|
4 |
|a Λογιστική κόστους
|
| 700 |
1 |
|
|a Hirsch, Maurice
|
| 700 |
1 |
|
|a Louderback, Joseph
|
| 710 |
0 |
|
|a College division
|
| 942 |
|
|
|2 ddc
|
| 952 |
|
|
|0 0
|1 0
|2 ddc
|4 0
|6 657_420000000000000_HIR
|7 0
|9 265545
|a MSLG
|b MSLG
|c BSC
|d 2021-01-17
|e 24
|f 0
|g 0.00
|l 0
|o 657.42 HIR
|p 2420000002609
|r 2021-01-17 00:00:00
|t 1
|w 2021-01-17
|y BK15
|x 19991111 0 1
|x GrPaTEI
|
| 971 |
|
|
|a .b25724356
|b 15-04-20
|c 13-09-16
|
| 999 |
|
|
|c 152647
|d 152647
|